History Quiz

Random History or State Quiz
Score 0/50 Timer 10:00
3 Plays Today
% Correct
Hawaii
98.2%
Kansas
92.8%
California
92.2%
Arizona
92.1%
Alaska
91.3%
Montana
90.4%
Nevada
90.1%
Tennessee
90.1%
Nebraska
88.2%
Missouri
87.7%
Pennsylvania
87.4%
Connecticut
86%
South Dakota
85.7%
Idaho
83.9%
Maryland
83%
Wyoming
83%
Massachusetts
82.1%
Louisiana
79%
Illinois
78.4%
Vermont
77.5%
Michigan
77.2%
North Carolina
76.1%
Arkansas
75.2%
Utah
74.9%
Maine
74%
% Correct
West Virginia
73.2%
New York
73.1%
North Dakota
71%
Iowa
69.5%
Mississippi
66.2%
Oregon
65.7%
New Hampshire
63.7%
South Carolina
61%
Texas
61%
Georgia
60.8%
Colorado
60.4%
Virginia
57.5%
Florida
55.9%
Oklahoma
50.4%
New Mexico
48.9%
Delaware
48.1%
Ohio
47.8%
New Jersey
45.7%
Washington
45.1%
Alabama
42.2%
Kentucky
34.4%
Wisconsin
33.8%
Indiana
32.1%
Rhode Island
27.3%
Minnesota
20.3%

You're not logged in!

Compare scores with friends on all Sporcle quizzes.
OR
Log In

Sporcle TV

Today on Sporcle TV


Watch our educational content, quiz creation guides, and fun videos on Sporcle TV.

Show Comments

Extras

Top Quizzes Today


Score Distribution

Paid Content

Your Account Isn't Verified!

In order to create a playlist on Sporcle, you need to verify the email address you used during registration. Go to your Sporcle Settings to finish the process.

Report this User

Report this user for behavior that violates our Community Guidelines.

Details: